Slovensko v EÚ 2009 národné účty

Salvato in:
Dettagli Bibliografici
Natura: Libro
Lingua:slovacco
inglese
Pubblicazione: Bratislava Štatistický úrad Slovenskej republiky 2009
Soggetti:
Tags: Aggiungi Tag
Nessun Tag, puoi essere il primo ad aggiungerne!!

MARC

LEADER 00000nlm a2200000 4500
001 0206113
005 20251210075445.0
041 0 |a slo 
041 0 |a eng 
044 |a SK 
245 1 0 |a Slovensko v EÚ 2009  |b národné účty 
264 1 |a Bratislava  |b Štatistický úrad Slovenskej republiky  |c 2009 
300 |a 46 s. 
500 |a Zdroj dokumentu: Štatistický úrad SR 
610 2 0 |a Slovensko 
610 2 0 |a Európska únia 
610 2 0 |a účty národné 
610 2 0 |a produkt domáci hrubý 
610 2 0 |a produktivita práce